00307nam a2200109 a 45000010005000000030005000050050017000100080041000270400020000682450085000882600024001735151CDMR20130116135305.0130130s1980||||||||||||||||||||||||||||d aCDMRbcatcCDMR 0aList of documents and publications in the field of mass communication 1979 NÂș 5 aParisc1980bUnesco